000 00330nam a2200133 a 4500
005 20260322212025.0
008 data
092 _a171
110 2 _aMonkees, The
245 1 4 _aThe Monkees greatest hits
_cMonkees, The.
260 _aSanta Monica, CA
_bRhino Records
_c1995
650 0 _aPopular music
_x1961-1970
_zUnited States
001 data
999 _c574
_d574